| 000 | 00694nam a2200217 a 4500 | ||
|---|---|---|---|
| 999 |
_c109240 _d109240 |
||
| 001 | vtls000059286 | ||
| 005 | 20181201095403.0 | ||
| 008 | 091030s1995 enk 000 0 eng d | ||
| 020 | _a0099594811 | ||
| 040 | _cPK-LaUMT | ||
| 082 |
_a305.89275694 _bSAI-P |
||
| 100 | 1 | _aSaid, Edward W. | |
| 245 | 1 | 0 |
_aPeace and its discontents : _bGaza-Jericho 1993-1995 / _cEdward W. Saird ; with a foreword by Christopher Hitchens |
| 260 |
_aLondon : _bVintage, _c1995 |
||
| 300 |
_axxxii, 197 p ; _c20 cm. |
||
| 500 | _a"A Vintage original" --T.p. verso. | ||
| 650 | 0 | _aArab-Israeli conflict. | |
| 650 | 0 |
_aArab-Israeli conflict _y1973-1993. |
|
| 942 | _cBK | ||